LEADER 01067cam0-2200313 --450 001 9910745489603321 005 20231026110914.0 010 $a9791221801125 020 $aIT$b2022-9284 100 $a20231026d2022----kmuy0itay5050 ba 101 0 $aita 102 $aIT 105 $aa 001yy 200 1 $aIustus iudex$ela deontologia giudiziaria secondo Jean Domat (ossia, un magistrato del Seicento parla ai colleghi di ieri e di oggi)$fPierluigi Cipolla$gprefazione di Mario Ascheri$gpostfazione di Gustavo Barbalinardo 210 $aRoma$cAracne$d2022 215 $a484 p.$cill.$d21 cm 225 1 $aDocumenti di storia$v124 610 0 $aMagistrati$aMorale professionale$aConcezione [di] Domat, Jean <1625-1696> 676 $a174.3092$v23$zita 700 1$aCipolla,$bPierluigi$0573792 702 1$aAscheri,$bMario 702 1$aBarbalinardo,$bGustavo 801 0$aIT$bUNINA$gREICAT$2UNIMARC 901 $aBK 912 $a9910745489603321 952 $aSTO 55$b701/2023$fFSPBC 959 $aFSPBC 996 $aIustus iudex$93571858 997 $aUNINA